000 00555cam a2200205ua 4500
001 6701
005 20260515114107.0
008 140630n ii |||gr||||Z||||||eng
020 _a978-81-207-1747-3
040 _cMAIN
082 _a510.071
245 _aTeaching of mathematics
_cBy Kulbir Singh Sidhu
250 _a4th rev/ 12th rep.
260 _aNew delhi:
_bSterling publishers private limited,
_c2006.
300 _ax,390p.
653 _aMathematics
653 _aTeaching of mathematics
700 _aSidhu,Kulbir Singh,
_eAuthor.
942 _cBK
999 _c5844
_d5844